LDR 01411naa#a2200193#i#450# 001 RU\\bibl\118334 005 20260517033317.7 011 ## _a2782-6678 100 ## _a20250829b2025####ek#y0rusy0150####ca 101 0# _aRUS 102 ## _aRU 200 1# _aВлияние состава выборок аэрокосмических изображений ДЗЗ высокого и сверхвысокого пространственного разрешения на обучение и точность нейронных сетей при семантической сегментации геополей на примере распознавания различных классов земной поверхности _eЖурнальная статья 210 1# _aМосква _cФедеральное государственное бюджетное образовательное учреждение высшего образования "Московский государственный университет геодезии и картографии" _d2025 215 ## _a27 с. 608 ## _aЖурнальная статья _2local 675 ## _aДистанционное зондирование. Методы и приборы. 528.8 _zRUS 686 ## _aИскусственный интеллект. 28.23 _2grnti 700 #1 _aБирюков _gНикита Андреевич 856 4# _amiigaik.editorum.ru _u